000 00523nam a22001697a 4500
005 20260120130655.0
008 260120b |||||||| |||| 00| 0 eng d
082 _a305.8954
_bMER
100 _aMero, Menute U
245 _aHeadhunting and the Naga : a historical study
260 _aShillong
_bDepartment of History, NEHU
_c2022
300 _aiii,166p.;28cm.
_eAbstract
502 _bPh.D
650 _aHeadhunters-Naga (South Asian people)-Research
700 _aRengsi, Vanlalruata
_eSupervisor/Guide
942 _cTHES
999 _c184420
_d184419